Reflections on three decades of digital transformation in local governments (Record no. 529078)

000 -LEADER
fixed length control field 01615nam a22001457a 4500
008 - FIXED-LENGTH DATA ELEMENTS--GENERAL INFORMATION
fixed length control field 250219b ||||| |||| 00| 0 eng d
100 ## - MAIN ENTRY--PERSONAL NAME
Personal name Hernandez, Mila Gasco
245 ## - TITLE STATEMENT
Title Reflections on three decades of digital transformation in local governments
260 ## - PUBLICATION, DISTRIBUTION, ETC. (IMPRINT)
Place of publication, distribution, etc Local Government Studies
300 ## - PHYSICAL DESCRIPTION
Extent 50(6), Dec, 2024: p.1028-1040
520 ## - SUMMARY, ETC.
Summary, etc This article draws from scholarly debates over three decades to argue for a shift in the study of digital transformation in local governments founded in the understanding that technology is an unavoidable tool for local government reform and that academic research in this field needs to be driven by real-world situations that local governments face when they undertake digital transformation processes and assess their results. The article advocates for four specific changes: 1) the acknowledgement that the relationship between the organisation and the use of technology is bi-directional, 2) the adoption of a multi and interdisciplinary perspective in the scholarship of digital transformation in local governments, 3) the study of public value creation as the result of digital transformation processes and local government reforms, and 4) the need to significantly advance the field by building on existing research and findings when a new technology comes into play.- Reproduced

https://www.tandfonline.com/doi/full/10.1080/03003930.2024.2410830
650 ## - SUBJECT ADDED ENTRY--TOPICAL TERM
Topical term or geographic name as entry element Digital transformation, Digital government, Local governments, Technology-driven innovation, Technological change.
9 (RLIN) 50738
773 ## - HOST ITEM ENTRY
Main entry heading Local Government Studies
942 ## - ADDED ENTRY ELEMENTS (KOHA)
Item type Articles
Holdings
Withdrawn status Lost status Source of classification or shelving scheme Damaged status Not for loan Permanent location Current location Date acquired Serial Enumeration / chronology Barcode Date last seen Koha item type
          Indian Institute of Public Administration Indian Institute of Public Administration 2025-02-19 50(6), Dec, 2024: p.1028-1040 AR135231 2025-02-19 Articles

Powered by Koha